00555 2200205 4500001002100000005001500021035002000036007000300056008004100059020002200100082000800122084001400130100001100144245006500155250001100220260003400231300004600265650001800311700002000329INLIS00000000000046920221107103916 a0010-1122000063ta221107 b 1 ind  a978-602-252-794-7 a813 a813 ALD b0 aAldora1 aBawang Merah bawang Putih :bKejutan di Dalam Labu /cAldora aCet. I aj :bErlangga For Kids,c2016 a26 halaman :bilustrasi berwarna ;c20 cm 4aCerita Rakyat0 aFerlina Gunawan